000 00270nam a22000977a 4500
008 160523b xxu||||| |||| 00| 0 eng d
041 _aeng
080 _a615
245 _aReview of medical pharmacology:
_cFdederick H. Meyers; Ernest Jawetz; Alan Goldfien;
942 _2udc
_cBK
999 _c2399
_d2399